000 00470nam a2200193Ia 4500
005 20240823022239.0
008 240823s9999||||xx |||||||||||||| ||und||
020 _a0-07-058675-6
041 _aENGLISH
082 _A658.800683 P4
100 _a"Cichelli,David J"
245 0 _aCompensating the Sales Force
250 _a1st
260 _c2004
_b"Tata Mcgraw Hill,New "
500 _aYES
650 _aSales
_bManagement Studies
942 _cBK
999 _c178706
_d178706